| 000 | 00718nam a2200253 i 4500 | ||
|---|---|---|---|
| 001 | bg | ||
| 100 |
_aGodlewski, Jan _d(1945- ). |
||
| 245 | 1 | 0 |
_aWstęp do elektroniki molekularnej / _cJan Godlewski. |
| 260 |
_aGdańsk : _bWydawnictwo Politechniki Gdańskiej, _c2008. |
||
| 300 |
_a187 s. : _bil. ; _c25 cm. |
||
| 504 | _aBibliogr. przy rozdz. | ||
| 650 | 9 | _aFizyka molekularna | |
| 650 | 9 | _aUkłady elektroniczne | |
| 650 | 9 |
_aElektronika _xurządzenia |
|
| 655 | _aPodręczniki akademickie | ||
| 020 | _a9788373482142 | ||
| 040 | _cBPK | ||
| 041 | _apol | ||
| 044 | _aPOL | ||
| 080 | _a621.38:539.1](075.8) | ||
| 920 | _a978-83-7348-214-2 | ||
| 942 | _cKS | ||
| 008 | s pl f |000 0 pol | ||
| 999 |
_c55570 _d55570 |
||
| 856 |
_uhttp://koha.tu.koszalin.pl/cgi-bin/koha/opac-detail.pl?biblionumber=55570 _yKatalog online BPK |
||